000 00663nam a2200181Ia 4500
008 100920s9999 xx 000 0 und d
082 _b85050
_a24 न 01
100 _aत्रपिाठी श्यामसुंदर.
245 _aजैसे सबके दिन फिरे.
260 _bनॅशनल बुक ट्रस्ट, इंडिया नवी दिल्ली.
_c2001
300 _a23
_bसाधी
365 _b7
520 _aसायो.
630 _aजैसे सबके दिन फिरे.
650 _aसायो.
730 _aजैसे सबके दिन फिरे.
942 _cBOOK
999 _c725563
_d725560